000 00502nam a22001937a 4500
003 MPLRDC
005 20220104195635.0
008 210129b ||||| |||| 00| 0 eng d
020 _a978-7-5314-5520-2
082 _a972.2 ZGMJ v.3
100 _a徐陟、周艳伟 主编
245 _a喜庆剪纸
_c
250 _a初版一刷
260 _a中国
_b辽宁美术出版社
_c2013
300 _b
490 _a中国民间美术丛书
650 _a纸艺--剪纸
942 _cBK
_o972.2 ZGMJ v.3
999 _c66271
_d66261